Central Library OPAC University of Rajshahi
Normal view MARC view

Entry Personal Name

Number of records used in: 1

001 - CONTROL NUMBER

  • control field: 8955

003 - CONTROL NUMBER IDENTIFIER

  • control field: BD-RjUL

005 - DATE AND TIME OF LATEST TRANSACTION

  • control field: 20230912143114.0

008 - FIXED-LENGTH DATA ELEMENTS

  • fixed length control field: 230912|| aca||aabn | a|a d

040 ## - CATALOGING SOURCE

  • Original cataloging agency: BD-RjUL
  • Transcribing agency: BD-RjUL

100 ## - HEADING--PERSONAL NAME

  • Personal name: Harvey, Leslie Daryl Danny,
  • Dates associated with a name: 1956-

670 ## - SOURCE DATA FOUND

  • Source citation: Work cat.: (BD-RjUL)81909: Harvey, Leslie Daryl Danny, 1956-, Global warming :, c2000, 2015 [reprinted2022]